¿Qué es el marxismo-leninismo?

Detalles Bibliográficos
Autor principal: Buzuev, Vladimir
Formato: Libro
Lenguaje:lengua desconocida
Publicado: Moscú : Progreso, 1987.
Materias:

MARC

LEADER 00000nam a2200000Ia 4500
001 49615
008 231009s9999 xx 000 0 und d
040 |a UAHC  |c UAHC 
082 |a 320  |b B992 
100 |a Buzuev, Vladimir  
245 0 |a ¿Qué es el marxismo-leninismo?  |c Vladimir Buzuev.  
260 |a Moscú :  |b Progreso,   |c 1987. 
300 |a 285 páginas. 
650 |a Marxismo leninismo 
900 |a 320 BUZ 
942 |c BK 
952 |0 0  |1 0  |4 0  |6 320_000000000000000_BUZ  |7 0  |8 COMP  |9 98901  |a BC  |b BC  |c General  |d 2023-10-10  |l 0  |o 320 BUZ  |p 1450581  |r 2026-01-13 00:00:00  |t 1  |w 2023-10-10  |y BK 
999 |c 61263  |d 61263